Night charge extra / (Record no. 140850)

MARC details
000 -LEADER
fixed length control field 00494nam a22001817a 4500
005 - DATE AND TIME OF LATEST TRANSACTION
control field 20170703105713.0
010 ## - LCCN (DPL NO)
LC control number ENG-118550
020 ## - INTERNATIONAL STANDARD BOOK NUMBER
International Standard Book Number 9789350451076
Terms of availability 200.00
035 ## - SYSTEM CONTROL NUMBER
System control number EN-102082
037 ## - SOURCE OF ACQUISITION
Source of stock number/acquisition DBAD/PUB
082 ## - DEWEY DECIMAL CLASSIFICATION NUMBER
Classification number 881
100 ## - MAIN ENTRY--PERSONAL NAME
Personal name Katyal,Akhil
245 ## - TITLE STATEMENT
Title Night charge extra /
Statement of responsibility, etc by Akhil Katyal
260 ## - PUBLICATION, DISTRIBUTION, ETC. (IMPRINT)
Place of publication, distribution, etc Calcutta
Name of publisher, distributor, etc Writers Workshop
Date of publication, distribution, etc 2015
270 ## - ADDRESS
Address 162/92,Lake Garden
City Calcutta
Postal code 700045
300 ## - PHYSICAL DESCRIPTION
Extent 92p.
Other physical details 22cm(Hb)
942 ## - ADDED ENTRY ELEMENTS (KOHA)
Source of classification or shelving scheme Dewey Decimal Classification
Item type English Books
Classification part 881
Call number suffix KAT
Holdings
Withdrawn status Lost status Not for loan Collection code Home library Current library Date acquired Source of acquisition Cost, normal purchase price Full call number Barcode Copy number Cost, replacement price Koha item type
      Non-fiction Bawana Bawana 07/06/2017 DBAD/PUB 200.00 881 KAT EN-102082 1 200.00 English Books

© Delhi Public Library
Hit Counter
free hit counter